La carrière de Kazuyoshi Miura - Statistiques

Statistiques générales
  • Ce quiz a été pris 2 fois
  • Le résultat moyen est 2 sur 16
Statistiques - réponses
Année Match But Club % Correct
2005 - actuel 298 32 Yokohama FC
100%
-> 1994 - 1995 22 1 Genoa CFC
50%
1986 - 1990 27 3 Santos FC
50%
-> 2024 - 2026 19 0 Atlético Suzuka
0%
-> 1988 - 1990 59 7 Coritiba FC
0%
-> 1987 4 0 CRB
0%
1998 - 1999 12 0 Croatia Zagreb
0%
1999 - 2001 51 24 Kyoto Sanga
0%
-> 1986 - 1987 5 1 SE Matsubara
0%
-> 1986 25 2 SE Palmeiras
0%
-> 2022 - 2023 18 2 Suzuka PG
0%
-> 2005 6 2 Sydney FC
0%
-> 2023 - 2024 9 0 UD Oliveirense
0%
1990 - 1998 239 133 Verdy Kawasaki
0%
2001 - 2005 127 29 Vissel Kobe
0%
-> 1987 - 1988 25 2 XV de Jaú
0%
Aucun quiz correspondant
Distribution des résultats
% des personnes avec chaque résultat
Percentile par nombre de réponses
Votre historique - résultats
Vous n’avez pas pris ce quiz